书目信息 |
| 题名: |
百年西藏
|
|
| 作者: | 廖东凡 编著 | |
| 分册: | ||
| 出版信息: | 昆明 云南人民出版社 1999.09 |
|
| 页数: | 226页 | |
| 开本: | 16开 | |
| 丛书名: | ||
| 单 册: | ||
| 中图分类: | K297.5-64 | |
| 科图分类: | ||
| 主题词: | 中国--地方史 , 中国--地方志 | |
| 电子资源: | ||
| ISBN: | 7-222-.2824-2 | |
| 000 | 00578nam0 2200205 45 | |
| 001 | 0103091503 | |
| 005 | 20010309151613.3 | |
| 010 | @a7-222-.2824-2@d170.00元 | |
| 100 | @a20010309d1999 km y0chiy0120 ea | |
| 101 | 0 | @achi |
| 105 | @a z 000yy | |
| 200 | 1 | @a百年西藏@ABai Nian Xi Zang@f廖东凡等编著@FLiao Dong Fan Deng Bian Zhu |
| 210 | @a昆明@c云南人民出版社@d1999.09 | |
| 215 | @a226页@d16开 | |
| 606 | 0 | @a中国@x地方史 |
| 606 | 0 | @a中国@x地方志 |
| 690 | @aK297.5-64@v3 | |
| 701 | 0 | @a廖东凡@4编著 |
| 801 | @aCN@bPftUser@c20010309 | |
| 905 | @b327437@dK297.5-64@eL238@f1 | |
| 百年西藏/廖东凡等编著.-昆明:云南人民出版社,1999.09 |
| 226页;16开 |
| ISBN 7-222-.2824-2:170.00元 |
| ● |
| 相关链接 |
|
|
|
正题名:百年西藏
索取号:K297.5-64/L238
 
预约/预借
| 序号 | 登录号 | 条形码 | 馆藏地/架位号 | 状态 | 备注 |
| 1 | 327437 | 203274376 | 社科库309/ [索取号:K297.5-64/L238] | 在馆 |